000 00314nam a2200133 a 4500
008 961106s1968||||xx 0 und c
040 _aSNK
_bslo
_cSNK
_eAACR2
245 1 0 _aZáklady vedeckého komunizmu
260 _aBratislava
_bVPL
_c1968
300 _a323 s.
020 _c23
041 _aslo
044 _axo
_cSK
999 _c15529
_d15529